| 000 | 03864cam a2200673 i 4500 | ||
|---|---|---|---|
| 999 |
_c3451 _d3451 |
||
| 001 | 1038943933304786 | ||
| 003 | OSt | ||
| 005 | 20240120153112.0 | ||
| 008 | 181221t20202020nyu c 000 f eng | ||
| 010 | _a2018060246 | ||
| 020 |
_a9781524715700 _q(hardback) |
||
| 035 |
_a(OCoLC)1080251044 _z(OCoLC)1135982640 _z(OCoLC)1136082180 _z(OCoLC)1237705935 _z(OCoLC)1243169240 |
||
| 035 | _a(OCoLC)on1080251044 | ||
| 040 |
_aDLC _beng _erda _cDLC _dBDX _dYDX _dTOH _dQX9 _dRNL _dNYP _dVP@ _dDPL _dOCLCF _dUKMGB _dDLC _dWIS _dRIOSL _dZ#6 _dKYC _dEHH _dFWR _dIIB _dUND _dCKK _dSGB _dKQX _dSC1 _dORU _dGGJ _dPIT _dOCLCO _dIUL _dGYG _dXY4 _dOCL _dOCLCO _dKH8 |
||
| 042 | _anbic | ||
| 043 | _aa-ko--- | ||
| 082 | 0 | 0 |
_aFIC KEL _223 |
| 100 | 1 |
_aKeller, Tae, _eauthor. _1http://www.wikidata.org/entity/Q105077057. |
|
| 245 | 1 | 0 |
_aWhen you trap a tiger / _cTae Keller. |
| 250 | _aFirst Edition. | ||
| 264 | 1 |
_aNew York : _bRandom House, _c[2020] |
|
| 264 | 4 | _c©2020. | |
| 300 |
_a297 pages ; _c22 cm. |
||
| 336 |
_atext _btxt _2rdacontent. |
||
| 337 |
_aunmediated _bn _2rdamedia. |
||
| 338 |
_avolume _bnc _2rdacarrier. |
||
| 500 | _a"John Newberry Medal for the most distinguished contribution to American literature for children"--Front cover of jacket. | ||
| 500 | _a"Author of The Science of Breakable Things"--Front cover of jacket. | ||
| 520 |
_aWould you make a deal with a magical tiger? This uplifting story brings Korean folklore to life as a girl goes on a quest to unlock the power of stories and save her grandmother. Some stories refuse to stay bottled up. When Lily and her family move in with her sick grandmother, a magical tiger straight out of her halmoni's Korean folktales arrives, prompting Lily to unravel a secret family history. Long, long ago, Halmoni stole something from the tigers. Now they want it back. And when one of the tigers approaches Lily with a deal -- return what her grandmother stole in exchange for Halmoni's health -- Lily is tempted to agree. But deals with tigers are never what they seem! With the help of her sister and her new friend Ricky, Lily must find her voice and the courage to face a tiger. Tae Keller, the award-winning author of The Science of Breakable Things, shares a sparkling tale about the power of stories and the magic of family. Think Walk Two Moons meets Where the Mountain Meets the Moon! -- _cPublisher. |
||
| 520 |
_a"When Lily, her sister Sam, and their mother move in with her sick grandmother, Lily traps a tiger and makes a deal with him to heal Halmoni." -- _c(Source of summary not specified) |
||
| 521 | 8 |
_a590 _bL. |
|
| 586 | _aBoston Globe - Horn Book Honor Award, 2020. | ||
| 586 | _aNewbery Medal, 2021. | ||
| 586 | _aAsian/Pacific American Award for Children's Literature (American Library Association) 2021. | ||
| 650 | 0 |
_aSisters _vJuvenile fiction. |
|
| 650 | 0 |
_aGrandmothers _vJuvenile fiction. |
|
| 650 | 0 |
_aStorytelling _vJuvenile fiction. |
|
| 650 | 0 |
_aSick _vJuvenile fiction. |
|
| 650 | 0 |
_aTiger _vJuvenile fiction. |
|
| 650 | 0 |
_aKorean Americans _vJuvenile fiction. |
|
| 650 | 0 | _aChildren's stories. | |
| 650 | 1 |
_aSisters _vFiction. |
|
| 650 | 1 |
_aGrandmothers _vFiction. |
|
| 650 | 1 |
_aStorytelling _vFiction. |
|
| 650 | 1 |
_aSick _vFiction. |
|
| 650 | 1 |
_aTiger _vFiction. |
|
| 650 | 1 |
_aKorean Americans _vFiction. |
|
| 650 | 7 |
_aChildren's stories. _2fast _0(OCoLC)fst00856632. |
|
| 650 | 7 |
_aGrandmothers. _2fast _0(OCoLC)fst00946353. |
|
| 650 | 7 |
_aKorean Americans. _2fast _0(OCoLC)fst00988587. |
|
| 650 | 7 |
_aSick. _2fast _0(OCoLC)fst01118032. |
|
| 650 | 7 |
_aSisters. _2fast _0(OCoLC)fst01119758. |
|
| 650 | 7 |
_aStorytelling. _2fast _0(OCoLC)fst01134169. |
|
| 650 | 7 |
_aTiger. _2fast _0(OCoLC)fst01754648. |
|
| 655 | 7 |
_aNovels. _2fast _0(OCoLC)fst01921742. |
|
| 655 | 7 |
_aFiction. _2fast _0(OCoLC)fst01423787. |
|
| 655 | 7 |
_aJuvenile works. _2fast _0(OCoLC)fst01411637. |
|
| 942 |
_2ddc _cFIC |
||